000 00371nam a22001337a 4500
082 _a346.052 MAL
100 _aMalik, M.A.
245 _aThe Succession Act:
_bWith Commentary /
_cM.A. Malik
260 _aLahore :
_bP.L.D. Publishers,
_c2016.
300 _a232 p. ;
_c24 cm.
942 _2ddc
_cBK
999 _c586959
_d586959